The state of the world's refugees, 2000 : (Record no. 4868)
[ view plain ]
| 000 -LEADER | |
|---|---|
| fixed length control field | 01664nac a22003131u 4500 |
| 008 - FIXED-LENGTH DATA ELEMENTS--GENERAL INFORMATION | |
| fixed length control field | 131031s2000 nyu|||||r|||| 001 0 eng d |
| 010 ## - LIBRARY OF CONGRESS CONTROL NUMBER | |
| LC control number | 2001274921 |
| 020 ## - INTERNATIONAL STANDARD BOOK NUMBER | |
| International Standard Book Number | 0199241066 |
| 035 ## - SYSTEM CONTROL NUMBER | |
| System control number | (OCoLC)ocm45786142 |
| 082 00 - DEWEY DECIMAL CLASSIFICATION NUMBER | |
| Classification number | 362.87 |
| Edition number | 22 |
| Item number | STA |
| 100 ## - MAIN ENTRY--PERSONAL NAME | |
| Personal name | 20080729 |
| 9 (RLIN) | 34338 |
| 110 ## - MAIN ENTRY--CORPORATE NAME | |
| 9 (RLIN) | 34268 |
| Corporate name or jurisdiction name as entry element | Office of the United Nations High Commissioner for Refugees |
| 245 04 - TITLE STATEMENT | |
| Title | The state of the world's refugees, 2000 : |
| Remainder of title | fifty years of humanitarian action / |
| Statement of responsibility, etc | Office of the United Nations High Commissioner for Refugees. |
| 246 30 - VARYING FORM OF TITLE | |
| Title proper/short title | Fifty years of humanitarian action |
| 260 ## - PUBLICATION, DISTRIBUTION, ETC. (IMPRINT) | |
| Place of publication, distribution, etc | Geneva : |
| Name of publisher, distributor, etc | UNHCR ; |
| Place of publication, distribution, etc | New York : |
| Name of publisher, distributor, etc | Oxford University Press, |
| Date of publication, distribution, etc | 2000. |
| 300 ## - PHYSICAL DESCRIPTION | |
| Extent | xi, 340 p. : |
| Other physical details | ill. (some col.), maps ; |
| Dimensions | 25 cm. |
| 500 ## - GENERAL NOTE | |
| General note | "Managing editor and principal author, Mark Cutts ... Main contributing authors, Joel Boutroue ... [et al.]"--P. [iii]. |
| 504 ## - BIBLIOGRAPHY, ETC. NOTE | |
| Bibliography, etc | Includes bibliographical references (p. 328-333) and index. |
| 610 20 - SUBJECT ADDED ENTRY--CORPORATE NAME | |
| Corporate name or jurisdiction name as entry element | Office of the United Nations High Commissioner for Refugees |
| General subdivision | History |
| Chronological subdivision | 20th century. |
| 9 (RLIN) | 34339 |
| 650 #0 - SUBJECT ADDED ENTRY--TOPICAL TERM | |
| Topical term or geographic name as entry element | Refugees |
| General subdivision | International cooperation |
| -- | History |
| Chronological subdivision | 20th century. |
| 9 (RLIN) | 34340 |
| 650 #0 - SUBJECT ADDED ENTRY--TOPICAL TERM | |
| Topical term or geographic name as entry element | Humanitarian assistance |
| General subdivision | History |
| Chronological subdivision | 20th century. |
| 9 (RLIN) | 34341 |
| 650 #0 - SUBJECT ADDED ENTRY--TOPICAL TERM | |
| Topical term or geographic name as entry element | Refugees |
| General subdivision | Legal status, laws, etc. |
| -- | History |
| Chronological subdivision | 20th century. |
| 9 (RLIN) | 34342 |
| 653 ## - INDEX TERM--UNCONTROLLED | |
| Resource For college | |
| Arrived date list | October2013 |
| 700 1# - ADDED ENTRY--PERSONAL NAME | |
| Personal name | Cutts, Mark. |
| 9 (RLIN) | 34343 |
| 710 2# - ADDED ENTRY--CORPORATE NAME | |
| Corporate name or jurisdiction name as entry element | Office of the United Nations High Commissioner for Refugees. |
| 9 (RLIN) | 34268 |
| 856 41 - ELECTRONIC LOCATION AND ACCESS | |
| Materials specified | Table of contents only |
| Uniform Resource Identifier | <a href="http://www.loc.gov/catdir/enhancements/fy0611/2001274921-t.html">http://www.loc.gov/catdir/enhancements/fy0611/2001274921-t.html</a> |
| 856 41 - ELECTRONIC LOCATION AND ACCESS | |
| Materials specified | Publisher description |
| Uniform Resource Identifier | <a href="http://www.loc.gov/catdir/enhancements/fy0611/2001274921-d.html">http://www.loc.gov/catdir/enhancements/fy0611/2001274921-d.html</a> |
| 942 ## - ADDED ENTRY ELEMENTS (KOHA) | |
| Item type | Book - Borrowing |
| Call number prefix | 362.87 |
| Source of classification or shelving scheme | Dewey Decimal Classification |
| Withdrawn status | Item status | Damaged status | Not for loan | Home library | Current library | Shelving location | Date acquired | Source of acquisition | Total Checkouts | Total Renewals | Full call number | Barcode | Date last seen | Date last borrowed | Koha item type | Source of classification or shelving scheme | Vendor |
|---|---|---|---|---|---|---|---|---|---|---|---|---|---|---|---|---|---|
| Central Library | Central Library | First floor | 26/09/2007 | Purchase | 4 | 5 | 362.87 STA | 000005854 | 15/07/2025 | 14/05/2024 | Book - Borrowing | ||||||
| Central Library | Central Library | First floor | 26/09/2007 | Purchase | 4 | 4 | 362.87 STA | 000005855 | 15/07/2025 | 11/11/2014 | Book - Borrowing | ||||||
| Central Library | Central Library | First floor | 31/10/2013 | 2 | 1 | 362.87 STA | 000029577 | 15/07/2025 | 10/03/2022 | Book - Borrowing | Dewey Decimal Classification | Baccah |